Мировая литература от А до Я - Statistics

General Stats
  • This quiz has been taken 202 times
  • The average score is 10 of 27
Answer Stats
буква произведение автор % Correct
В Война и мир Лев Толстой
95%
А Алиса в Стране чудес Льюис Кэрролл
80%
И Идиот Фёдор Достоевский
77%
Л Лолита Владимир Набоков
76%
Е Евгений Онегин Александр Пушкин
75%
Г Герой нашего времени Михаил Лермонтов
71%
О Одиссея Гомер
67%
Б Божественная комедия Данте Алигьери
66%
Н Недоросль Денис Фонвизин
55%
Р Робинзон Крузо Даниель Дефо
54%
Х Хоббит, или Туда и обратно Джон Рональд Руэл Толкин
54%
С Сияние Стивен Кинг
47%
П Процесс Франц Кафка
31%
З Зов Ктулху Говард Лавкрафт
29%
У Улисс Джеймс Джойс
28%
Д Дюна Фрэнк Герберт
19%
Т Таинственный остров Жюль Верн
19%
Я Ярмарка тщеславия Уильям Теккерей
19%
М Машина времени Герберт Уэллс
17%
Э Этюд в багровых тонах Артур Конан Дойл
17%
Ч Чапаев и Пустота Виктор Пелевин
16%
К Красный смех Леонид Андреев
7%
Ш Шантарам Грегори Дэвид Робертс
7%
Ж Железная пята Джек Лондон
6%
Ю Юлий Цезарь Уильям Шекспир
6%
Ц Цементный сад Иэн Макьюэн
4%
Ф Футурологический конгресс Станислав Лем
3%
No matching quizzes found
Score Distribution
Percent of People with Each Score
Percentile by Number Answered
Your Score History
You have not taken this quiz